Statistics for Top 10 Most Populous U.S. Cities Starting With Q

Click here to take the quiz!

General Stats

  • This quiz has been taken 22 times
  • The average score is 5 of 10

Answer Stats

StateAnswerPopulation% Correct
MassachusettsQuincy102 k
100%
IllinoisQuincy38 k
100%
WashingtonQuincy8 k
100%
FloridaQuincy7 k
100%
PennsylvaniaQuakertown9 k
40%
ArizonaQueen Creek79 k
30%
GeorgiaQuitman4 k
20%
PennsylvaniaQuarryville2 k
10%
VirginiaQuantico Base5 k
5%
CaliforniaQuartz Hill10 k
5%

Score Distribution

Percentile by Number Answered

Percent of People with Each Score

Your Score History

You have not taken this quiz